|
|
|
|
| LEADER |
00000nam a2200000 4500 |
| 001 |
vtls011860629 |
| 003 |
SK-MaSNL |
| 005 |
20260302022245.0 |
| 008 |
250312s1954 xo ern 000 0 slo |
| 015 |
|
|
|a SNBA1954
|
| 020 |
|
|
|q (viazané)
|
| 035 |
|
|
|a 9B474A87-B1A5-44A9-8672-0BCA4903ECAF
|
| 035 |
|
|
|a urn:nbn:sk:snk-am3iefy
|
| 035 |
|
|
|a urn:nbn:sk:snk-am00e6w8
|
| 040 |
|
|
|a SNK
|b slo
|c SNK
|e rda
|
| 041 |
1 |
|
|a slo
|h rus
|
| 044 |
|
|
|a xo
|c SK
|
| 072 |
|
7 |
|a 5
|x Prírodné vedy. Matematické vedy
|2 konspek
|
| 080 |
|
|
|a 5
|2 2011
|
| 080 |
|
|
|a 001.8
|2 2011
|
| 080 |
|
|
|a (048.8)
|2 2011
|
| 100 |
1 |
|
|a Jagodovskij, Konstantin Pavlovič,
|d 1877-1943
|4 aut
|9 186529
|
| 240 |
1 |
0 |
|a Voprosy obščej metodiky jestestvoznanija
|l Slovensky
|
| 245 |
1 |
0 |
|a Otázky všeobecnej metodiky prírodných vied
|c K. P. Jagodovskij ; z ruského originálu Voprosy obščej metodiky jestestvoznanija ... preložili J. Štefanovič a Š. Weiskopf
|
| 250 |
|
|
|a Prvé vydanie
|
| 264 |
|
1 |
|a Bratislava
|b Slovenské pedagogické nakladateľstvo
|c 1954
|
| 300 |
|
|
|a 194 strán
|c 25 cm
|
| 336 |
|
|
|a text
|b txt
|2 rdacontent
|
| 337 |
|
|
|a bez média
|b n
|2 rdamedia
|
| 338 |
|
|
|a zväzok
|b nc
|2 rdacarrier
|
| 366 |
|
|
|e 4000 kusov
|
| 490 |
1 |
|
|a Knižnica pedagogických spisov
|v Zväzok 13
|
| 504 |
|
|
|a Obsahuje bibliografické odkazy a poznámky
|
| 650 |
0 |
7 |
|a prírodné vedy
|2 SNKPH
|9 694
|
| 650 |
0 |
7 |
|a metodológia
|2 SNKPH
|9 3854
|
| 650 |
0 |
7 |
|a Natural sciences
|2 SNKPHeng
|9 265288
|
| 650 |
0 |
7 |
|a Methodology
|2 SNKPHeng
|9 342142
|
| 655 |
|
7 |
|a štúdie
|2 SNKPH
|9 57033
|
| 655 |
|
7 |
|a Studies
|2 SNKPHeng
|9 265573
|
| 700 |
1 |
|
|a Štefanovič, Jozef,
|d 1924-1995
|4 trl
|9 213034
|
| 700 |
1 |
|
|a Weiskopf, Štefan,
|d 1921-
|4 trl
|9 112743
|
| 830 |
|
0 |
|a Knižnica pedagogických spisov
|9 307167
|
| 852 |
|
|
|a Slovenská národná knižnica
|
| 958 |
|
|
|a OND
|
| 958 |
|
|
|a NB
|
| 958 |
|
|
|a OP
|
| 968 |
|
|
|b RUS
|
| 999 |
|
|
|c 1032021
|d 1033951
|
| 952 |
|
|
|a SNK
|b SNK
|y PREZ
|7 0
|p 17A0787249
|o snkSC 5797
|i snk285/55
|0 0
|1 0
|4 0
|d 2019-04-09
|f 1
|l 0
|r 2025-07-04 00:00:00
|w 2026-02-24
|